Normal view
MARC view
Entry Personal Name
001 - CONTROL NUMBER
- control field: 47478
003 - CONTROL NUMBER IDENTIFIER
- control field: dpl
005 - DATE AND TIME OF LATEST TRANSACTION
- control field: 20120519131815.0
008 - FIXED-LENGTH DATA ELEMENTS
- fixed length control field: 120519|||a|||||| | ||| d
040 ## - CATALOGING SOURCE
- Original cataloging agency: dpl
- Transcribing agency: dpl
100 ## - HEADING--PERSONAL NAME
- Personal name: गोयल, हरीश
670 ## - SOURCE DATA FOUND
- Source citation: Work cat.: (dpl): गोयल, हरीश , वृहत ग्रह बृहस्पति, खूबसूरत ग्रह शनि / , 2004
670 ## - SOURCE DATA FOUND
- Source citation: Work cat.: (dpl): गोयल, हरीश , वृहत ग्रह बृहस्पति, खूबसूरत ग्रह शनि / , 2004
